00422cam a22001097a 4500008004000000082001800040100005400058245009200112260005300204300000900257700004600266180718b1990 xxu||||| |||| 00| 0 eng d aB67x5414 Or4m aOrissa. State level collector's conference (1990) aMinistries of discussion in the state level collector's conference held on the 26th May aCuttackbGeneral Administration Departmentc1990 a25p. aOrissa. General Administration Department